مكتبة جامعة عجلون الوطنية

فهرس بحث المكتبة

Normal view MARC view
  • Auteurs Bashayreh, Mohmmad Hussein واخرون , Mohammad Hussein Bashayreh, Darina Saliba Abi Chedid( Editeurs)

Entry Personal Name

Number of records used in: 1

001 - CONTROL NUMBER

  • control field: 5726

003 - CONTROL NUMBER IDENTIFIER

  • control field: JO-AjAnu

005 - DATE AND TIME OF LATEST TRANSACTION

  • control field: 20230606071229.0

008 - FIXED-LENGTH DATA ELEMENTS

  • fixed length control field: 230606|| aca||aabn | a|a d

040 ## - CATALOGING SOURCE

  • Original cataloging agency: JO-AjAnu
  • Transcribing agency: JO-AjAnu

100 ## - HEADING--PERSONAL NAME

  • Personal name: Auteurs Bashayreh, Mohmmad Hussein واخرون , Mohammad Hussein Bashayreh, Darina Saliba Abi Chedid( Editeurs)

670 ## - SOURCE DATA FOUND

  • Source citation: Work cat.: (JO-AjAnu)2964: Auteurs Bashayreh, Mohmmad Hussein واخرون , Mohammad Hussein Bashayreh, Darina Saliba Abi Chedid( Editeurs), author, Tuning Moyen-Orient et Afrique du Nord: Les Points de Reference pour la Conception et la Prestation des Programmes d,Etudes Universitaires en Droit